Rozhodovanie spotrebiteľa v oblasti životného poistenia diplomová práca

Gespeichert in:
Bibliographische Detailangaben
1. Verfasser: Smolíčková, Paulína
Körperschaft: Národohospodárska fakulta EU. Katedra poisťovníctva
Weitere Verfasser: Ondruška, Tomáš, 1988-
Format: Buch
Sprache:Slowakisch
Veröffentlicht: Bratislava 2021
Tags: Tag hinzufügen
Keine Tags, Fügen Sie das erste Tag hinzu!

MARC

LEADER 00000nbm a2200000 4500
001 0274165
005 20220104133821.6
041 0 |a slo 
044 |a SK 
245 1 0 |a Rozhodovanie spotrebiteľa v oblasti životného poistenia  |b diplomová práca  |c Paulína Smolíčková ; školiteľ: Tomáš Ondruška 
264 1 |a Bratislava  |c 2021 
300 |a 63 s. 
100 1 |a Smolíčková, Paulína 
700 1 |a Ondruška, Tomáš, 1988- 
710 2 |a Národohospodárska fakulta EU. Katedra poisťovníctva